000 00291nam a22001217a 4500
999 _c13544
_d13544
082 _a346.54
_bHAL
100 _aShaikh Abdul Halim
245 _aMuslim Family Laws
260 _aLahore
_bP.L.D. Publishers
_c1996
300 _avarious Pagination
650 _aIslam, Laws, Muslim
942 _cBK